000 00675nam a2200181 a 4500
008 120416s1996 ||||||||||||||||| || u
020 _a8171321054
050 _aS 571 Yad
100 _aYadav, Subah Singh
245 1 0 _aModern trends in agricultural marketing
_cby J. S. Yadav and Subah Singh Yadav
260 _aJaipur, India:
_bPointer Publishers
_c1996
300 _av, 264p.: ill.
350 _a0.00
650 _aAGRICULTURE
650 _aAGRICULTURE--MARKETING--INDIA
700 _aYadav, J. S
995 _aMAIN LIBRARY OPEN ACCESS
_D0.00
_e732282
_FCBU-MAIN LIBRARY (Kitwe)
_H1
_I0.00
_jS 571 YAD
_M3
_UAVAILABLE
_WNov 23, 2007
_y029589
_ZMain Library Open Access Collection
999 _c77615
_d77615